• 首页
  • 本馆介绍
  • 公告通知
  • 最新文献
  • 馆藏检索
  • 电子资源
  • 读者导购
  • 参考咨询
  • 我的图书馆
  • 登录
  • 详细信息显示
  • 放入我的书架
  • 预约/预借图书
  • 作者相关作品
  • 分类相关作品
  • 丛书相关作品
  • 出版社相关作品

书目信息

  • 表格格式
  • 工作单格式
  • 卡片格式
题名:
邓晓芒讲黑格尔
    
 
作者: 邓晓芒 著
分册:  
出版信息: 北京   北京大学出版社  2006
页数: 241页
开本: 21cm
丛书名: 未名讲坛
单 册:
中图分类: B516.35
科图分类:
主题词: 哲学思想
电子资源:
ISBN: 978-7-301-10613-6
000 00994oam2 2200277 450
001 012007793451
005 20070517083634.48
010    @a978-7-301-10613-6@dCNY16.00
100    @a20070514d2006 km y0chiy0120 ea
101 0  @achi
102    @aCN@b110000
105    @aa z 000yy
106    @ar
200 1  @a邓晓芒讲黑格尔@Adeng xiao mang jiang hei ge er@f邓晓芒著@Fdeng xiao mang zhu
210    @a北京@c北京大学出版社@d2006
215    @a241页@c图@d21cm
225 2  @a未名讲坛
330    @a本书全面介绍了黑格尔哲学体系,提纲挈领地讲述了《法哲学原理》的内容,系统的介绍了黑格尔哲学的特点、逻辑学、应用逻辑学、法哲学原理等内容,然后再作一些评论。
461  0 @12001 @a未名讲坛
600  1 @a黑格尔@c(Hegel,Georg Wehelm Friedrich@f1770~1831)@x哲学思想@x思想评论
600  1 @a黑格尔@c(Hegel,Georg Wehelm Friedrich@f1770~1831)
606 0  @a哲学思想
690    @aB516.35@v4
701  0 @a邓晓芒@Adeng xiao mang@f(1948~)@4著
801  0 @aCN@bRULIN@c20070517
905    @dB516.35@e118@s8
    
    邓晓芒讲黑格尔/邓晓芒著.-北京:北京大学出版社,2006
    241页:图;21cm.-(未名讲坛)
    
    
    ISBN 978-7-301-10613-6:CNY16.00
    本书全面介绍了黑格尔哲学体系,提纲挈领地讲述了《法哲学原理》的内容,系统的介绍了黑格尔哲学的特点、逻辑学、应用逻辑学、法哲学原理等内容,然后再作一些评论。
●
相关链接 在E读中查询图书 在五车中查询图书 在当当中查询图书 在豆瓣中查询图书


正题名:邓晓芒讲黑格尔     索取号:B516.35/118         预约/预借

序号 登录号 条形码 馆藏地/架位号 状态 备注
1 0577965   205779656   第一样本阅览室/ [索取号:B516.35/118] 在馆    
2 0577966   205779665   第一借阅区/ [索取号:B516.35/118] 在馆    
3 0577967   205779674   教育系资料室/ [索取号:B516.35/118] 在馆    
4 0577968   205779683   第一借阅区/ [索取号:B516.35/118] 在馆    
5 0577969   205779692   第一借阅区/ [索取号:B516.35/118] 在馆    
6 0577970   205779709   第一借阅区/ [索取号:B516.35/118] 在馆    
7 0577971   205779718   教育系资料室/ [索取号:B516.35/118] 在馆    
8 0577972   205779727   教育系资料室/ [索取号:B516.35/118] 在馆    
唐山师范学院图书馆 欢迎您!
大连网信软件有限公司© 版权所有